000 00521nam a2200217Ia 4500
003 OSt
005 20220925183822.0
006 a|||||r|||| 00| 0
007 ta
008 220923b |||||||| |||| 00| 0 eng d
037 _cGeneral Book
040 _aRTL
_cRTL
_beng
041 _2eng
_aeng
082 _aV2,8r, K8/GD
245 0 _aReport
260 _aDelhi
_bM O P
_c1968
650 _a India
_964395
650 _aHistory
942 _hV2,8r, K8/GD
_cGB
_2CC
999 _c505923
_d505923